Walvoord, a tribute / (Record no. 7342)

MARC details
000 -LEADER
fixed length control field 01185cam a2200337 i 4500
001 - CONTROL NUMBER
control field 8032188
003 - CONTROL NUMBER IDENTIFIER
control field OCoLC
005 - DATE AND TIME OF LATEST TRANSACTION
control field 20190328173026.0
008 - FIXED-LENGTH DATA ELEMENTS--GENERAL INFORMATION
fixed length control field 811001s1982 ilu b 010 0 eng
010 ## - LIBRARY OF CONGRESS CONTROL NUMBER
LC control number 81016888
020 ## - INTERNATIONAL STANDARD BOOK NUMBER
International Standard Book Number 0802492274 :
Terms of availability $12.95
040 ## - CATALOGING SOURCE
Original cataloging agency DLC
Transcribing agency DLC
Modifying agency OCL
050 00 - LIBRARY OF CONGRESS CALL NUMBER
Classification number BR50
Item number .W33
082 00 - DEWEY DECIMAL CLASSIFICATION NUMBER
Classification number REF 230
Edition number 19
Item number C187W
090 ## - LOCALLY ASSIGNED LC-TYPE CALL NUMBER (OCLC); LOCAL CALL NUMBER (RLIN)
Classification number (OCLC) (R) ; Classification number, CALL (RLIN) (NR) BR50
Local cutter number (OCLC) ; Book number/undivided call number, CALL (RLIN) .W33
245 00 - TITLE STATEMENT
Title Walvoord, a tribute /
Statement of responsibility, etc. edited by Donald K. Campbell.
260 ## - PUBLICATION, DISTRIBUTION, ETC.
Place of publication, distribution, etc. Chicago :
Name of publisher, distributor, etc. Moody Press,
Date of publication, distribution, etc. c1982.
264 #1 - PRODUCTION, PUBLICATION, DISTRIBUTION, MANUFACTURE, AND COPYRIGHT NOTICE
Place of production, publication, distribution, manufacture Chicago :
Name of producer, publisher, distributor, manufacturer Moody Press,
Date of production, publication, distribution, manufacture, or copyright notice [1982]
264 #4 - PRODUCTION, PUBLICATION, DISTRIBUTION, MANUFACTURE, AND COPYRIGHT NOTICE
Date of production, publication, distribution, manufacture, or copyright notice ©1982
300 ## - PHYSICAL DESCRIPTION
Extent 353 p. ;
Dimensions 24 cm.
336 ## - CONTENT TYPE
Content type term text
Content type code txt
Source rdacontent
337 ## - MEDIA TYPE
Media type term unmediated
Media type code n
Source rdamedia
338 ## - CARRIER TYPE
Carrier type term volume
Carrier type code nc
Source rdacarrier
504 ## - BIBLIOGRAPHY, ETC. NOTE
Bibliography, etc. note Includes bibliographical references.
600 10 - SUBJECT ADDED ENTRY--PERSONAL NAME
Personal name Walvoord, John F.
Authority record control number or standard number http://id.loc.gov/authorities/names/n79055786
650 #0 - SUBJECT ADDED ENTRY--TOPICAL TERM
Topical term or geographic name entry element Theology.
Authority record control number or standard number http://id.loc.gov/authorities/subjects/sh85134665
655 #7 - INDEX TERM--GENRE/FORM
Genre/form data or focus term Festschriften.
Source of term lcgft
Authority record control number or standard number http://id.loc.gov/authorities/genreForms/gf2016026082
700 1# - ADDED ENTRY--PERSONAL NAME
Personal name Walvoord, John F.
Authority record control number or standard number http://id.loc.gov/authorities/names/n79055786
700 1# - ADDED ENTRY--PERSONAL NAME
Personal name Campbell, Donald K.
Authority record control number or standard number http://id.loc.gov/authorities/names/n81107184
942 ## - ADDED ENTRY ELEMENTS (KOHA)
Source of classification or shelving scheme Dewey Decimal Classification
Koha item type Reference
Holdings
Withdrawn status Lost status Source of classification or shelving scheme Damaged status Not for loan Collection code Home library Current library Shelving location Date acquired Cost, normal purchase price Total Checkouts Full call number Barcode Date last seen Price effective from Koha item type
    Dewey Decimal Classification   Not For Loan Reference Harvest Mission College Harvest Mission College Reference 07.02.2019 9850.00   REF 230 C187W 008312 07.02.2019 07.02.2019 Reference

OPAC Designed and Maintained by HMC Library Team.
Copyright © HMC Library,Greater Noida, UP.
For any Suggestions/Query Contact library via Email:libhmc@gmail.com